Use of the revenue budget as a means of financial control (Record no. 370507)

000 -LEADER
fixed length control field 00447cam a22001337a 4500
008 - FIXED-LENGTH DATA ELEMENTS--GENERAL INFORMATION
fixed length control field 180718b1954 xxu||||| |||| 00| 0 eng d
082 ## - DEWEY DECIMAL CLASSIFICATION NUMBER
Classification number L1x42 In7
245 ## - TITLE STATEMENT
Title Use of the revenue budget as a means of financial control
Statement of responsibility, etc. by Institute of Municipal Treasures and Accountants
260 ## - PUBLICATION, DISTRIBUTION, ETC.
Place of publication, distribution, etc. London
Name of publisher, distributor, etc. Harper
Date of publication, distribution, etc. 1954
300 ## - PHYSICAL DESCRIPTION
Extent 80p.
500 ## - GENERAL NOTE
General note 20/-
650 ## - SUBJECT ADDED ENTRY--TOPICAL TERM
Topical term or geographic name entry element Budgetary Control - U.K.
700 ## - ADDED ENTRY--PERSONAL NAME
Personal name Institute of Municipal Treasures and Accountants
Holdings
Withdrawn status Lost status Damaged status Not for loan Permanent Location Current Location Date acquired Full call number Barcode Date last seen Price effective from Koha item type
        Indian Institute of Public Administration Indian Institute of Public Administration 1994-06-06 L1x42 In7 28065 2018-07-21 2018-07-21 Book

Powered by Koha